Rapidex cookery course / (Record no. 75009)

MARC details
000 -LEADER
fixed length control field 00729nam a22002297a 4500
005 - DATE AND TIME OF LATEST TRANSACTION
control field 20180902120651.0
010 ## - LCCN (DPL NO)
LC control number B-498580-589 ENG-111380
020 ## - INTERNATIONAL STANDARD BOOK NUMBER
International Standard Book Number 9788122312102
Terms of availability 695.00
035 ## - SYSTEM CONTROL NUMBER
System control number B-498580-589
035 ## - SYSTEM CONTROL NUMBER
System control number EN-94912
037 ## - SOURCE OF ACQUISITION
Stock number DPL
Source of stock number/acquisition UBH/VEN
037 ## - SOURCE OF ACQUISITION
Source of stock number/acquisition DBAD/PUB
082 ## - DEWEY DECIMAL CLASSIFICATION NUMBER
Classification number 641.5
100 ## - MAIN ENTRY--PERSONAL NAME
Personal name Sharma, Reeta
245 ## - TITLE STATEMENT
Title Rapidex cookery course /
Statement of responsibility, etc by Reeta Sharma [and] P.P. Bhalla
260 ## - PUBLICATION, DISTRIBUTION, ETC. (IMPRINT)
Place of publication, distribution, etc New Delhi
Name of publisher, distributor, etc Pustak Mahal
Date of publication, distribution, etc 2012
270 ## - ADDRESS
Address J-3/16 , Daryaganj
City New Delhi
Postal code 110002
300 ## - PHYSICAL DESCRIPTION
Extent 304p. :
Other physical details col. ill.
Dimensions 28cm(Hb)
700 ## - ADDED ENTRY--PERSONAL NAME
Personal name Bhalla, P.P.
942 ## - ADDED ENTRY ELEMENTS (KOHA)
Source of classification or shelving scheme Dewey Decimal Classification
Item type English Books
Call number suffix SHA
Classification part 641.5
Holdings
Withdrawn status Lost status Not for loan Collection code Home library Current library Date acquired Source of acquisition Cost, normal purchase price Full call number Barcode Copy number Cost, replacement price Koha item type
    Not For Loan Reference Central Library Central Library 27/08/2013 UBH/BL280/11.03.2013/180/08.03.2013/15.03.2013 695.00 641.5 SHA B-498580 1 695.00 English Books
    Not For Loan Non-fiction D.B.Act.Division D.B.Act.Division 28/11/2014 DBAD/PUB 695.00 641.5 SHA EN-94912 1 695.00 English Books
    Not For Loan Reference Janak Puri Janak Puri 27/08/2013 UBH/BL280/11.03.2013/180/08.03.2013/15.03.2013 695.00 641.5 SHA B-498584 1 695.00 English Books
    Not For Loan Reference Karol Bagh Karol Bagh 27/08/2013 UBH/BL280/11.03.2013/180/08.03.2013/15.03.2013 695.00 641.5 SHA B-498586 1 695.00 English Books
    Not For Loan Reference Kasturba Gandhi Marg Kasturba Gandhi Marg 27/08/2013 UBH/BL280/11.03.2013/180/08.03.2013/15.03.2013 695.00 641.5 SHA B-498582 1 695.00 English Books
    Not For Loan Reference Narela Narela 27/08/2013 UBH/BL280/11.03.2013/180/08.03.2013/15.03.2013 695.00 641.5 SHA B-498587 1 695.00 English Books
      Non-fiction Patel Nagar Patel Nagar 27/08/2013 UBH/BL280/11.03.2013/180/08.03.2013/15.03.2013 695.00 641.5 SHA B-498581 1 695.00 English Books
    Not For Loan Reference Peshwa Road Peshwa Road 27/08/2013 UBH/BL280/11.03.2013/180/08.03.2013/15.03.2013 695.00 641.5 SHA B-498583 1 695.00 English Books
    Not For Loan Reference Sarojini Nagar Sarojini Nagar 27/08/2013 UBH/BL280/11.03.2013/180/08.03.2013/15.03.2013 695.00 641.5 SHA B-498585 1 695.00 English Books
    Not For Loan Reference Shahdara Branch Shahdara Branch 27/08/2013 UBH/BL280/11.03.2013/180/08.03.2013/15.03.2013 695.00 641.5 SHA B-498588 1 695.00 English Books
  Written-off vide DLB M. No. 383 dt 16.05.19 Not For Loan Reference Yojana Vihar Yojana Vihar 27/08/2013 UBH/BL280/11.03.2013/180/08.03.2013/15.03.2013 695.00 641.5 SHA B-498589 1 695.00 English Books

© Delhi Public Library
Hit Counter
free hit counter